NBA All-Time Cities Map Quiz - Statistics

General Stats
  • This quiz has been taken 349 times
  • The average score is 30 of 46
Answers on the Map
Answers color-coded by a green-red scale on the quiz's map according to % correct below.
 
Answer Stats
Answer % Correct
Portland
84%
Atlanta
81%
Los Angeles
81%
Miami
81%
Phoenix
80%
Seattle
80%
Oklahoma City
79%
Sacramento
79%
Denver
78%
New Orleans
78%
Orlando
78%
San Francisco
78%
Dallas
76%
Salt Lake City
76%
San Diego
76%
Houston
75%
Memphis
75%
Vancouver
75%
Charlotte
74%
Boston
71%
Chicago
71%
San Antonio
71%
Minneapolis
70%
Toronto
70%
Detroit
69%
New York
68%
Cleveland
67%
Philadelphia
65%
Washington
65%
Milwaukee
64%
Cincinnati
62%
Kansas City
62%
Indianapolis
61%
Pittsburgh
60%
Buffalo
57%
St. Louis
57%
Baltimore
56%
Omaha
56%
Providence
55%
Syracuse
45%
Fort Wayne
44%
Rochester
37%
Waterloo
33%
Tri-Cities
31%
Sheboygan
30%
Anderson
22%
No matching quizzes found
Score Distribution
Percent of People with Each Score
Percentile by Number Answered
Your Score History
You have not taken this quiz